00569 a2200145 450000100060000008200120000609000170001810000530003524501620008826000260025030000110027694200220028799900190030995200950032892358 aPR 2582 c44327d44328 aM. Waqas, Prof Haris and Sohail Ahmed (Advisors) aDesigning/Optimization of Torsional Free all Composite UAV Wing by Utilizing Inherent Bending/Torsional Coupling Properties of Composite Materialsn79 'A' EC aIslamabadbNUSTc2015 ax,57p. aCAE NUSTkPR 2582 c327431d327431 001040708NFICaCAEbCAEd2017-04-03l0oPR 2582pCAEPR-2582r2017-04-05w2017-04-05yBK